000
00243nam a2200097Ia 4500
001
1040478
005
20250826232024.0
008
250824s9999 xx 000 0 und d
245
0
_a
MİLYON SESLİ MIZIKA
_c
ALİ EMRE
260
_b
KETEBE YAYINLARI
999
_c
1040478
_d
1040478